00419nam a2200181Ia 4500003000400000005001700004006001900021007000300040008004100043024001000084037001200094040002000106041001300126082001400139100001900153245005600172260000900228OSt20220928143406.0a|||||r|||| 00| 0 ta220927b |||||||| |||| 00| 0 eng d a21867 cTextual aSDCLcSDCLbeng 2engaeng aQxN04, L6 aMeynell Hugo A 0aIntroduction to the philosophy of Bernard Lonergan. c1976